<?xml version="1.0" encoding="UTF-8"?>
<marc:record xmlns:marc="http://www.loc.gov/MARC21/slim">
   <marc:leader>00000nam a2200000 a 4500</marc:leader>
   <marc:datafield ind1="1" ind2=" " tag="100">
      <marc:subfield code="a">Contaldo, Gennaro</marc:subfield>
      <marc:subfield code="4">aut</marc:subfield>
      <marc:subfield code="e">Verfasser/-in</marc:subfield>
   </marc:datafield>
   <marc:datafield ind1=" " ind2=" " tag="653">
      <marc:subfield code="a">Kochbuch</marc:subfield>
   </marc:datafield>
   <marc:datafield ind1=" " ind2=" " tag="653">
      <marc:subfield code="a">Desserts</marc:subfield>
   </marc:datafield>
   <marc:datafield ind1=" " ind2=" " tag="653">
      <marc:subfield code="a">Dressings</marc:subfield>
   </marc:datafield>
   <marc:datafield ind1=" " ind2=" " tag="653">
      <marc:subfield code="a">Eingemachtes</marc:subfield>
   </marc:datafield>
   <marc:datafield ind1=" " ind2=" " tag="653">
      <marc:subfield code="a">Einkochen</marc:subfield>
   </marc:datafield>
   <marc:datafield ind1=" " ind2=" " tag="653">
      <marc:subfield code="a">Fisch</marc:subfield>
   </marc:datafield>
   <marc:datafield ind1=" " ind2=" " tag="653">
      <marc:subfield code="a">Fleisch</marc:subfield>
   </marc:datafield>
   <marc:datafield ind1=" " ind2=" " tag="653">
      <marc:subfield code="a">Gemüse</marc:subfield>
   </marc:datafield>
   <marc:datafield ind1=" " ind2=" " tag="653">
      <marc:subfield code="a">Getränke</marc:subfield>
   </marc:datafield>
   <marc:datafield ind1="0" ind2="0" tag="245">
      <marc:subfield code="a">Gennaros Limoni</marc:subfield>
   </marc:datafield>
   <marc:datafield ind1="0" ind2="0" tag="245">
      <marc:subfield code="b">Italienisch kochen und backen mit Zitronen</marc:subfield>
   </marc:datafield>
   <marc:datafield ind1="0" ind2="0" tag="245">
      <marc:subfield code="c">Contaldo, Gennaro</marc:subfield>
   </marc:datafield>
   <marc:datafield ind1=" " ind2="1" tag="264">
      <marc:subfield code="a">Cadolzburg</marc:subfield>
      <marc:subfield code="b">ars vivendi</marc:subfield>
      <marc:subfield code="c">2022</marc:subfield>
   </marc:datafield>
   <marc:datafield ind1=" " ind2=" " tag="250">
      <marc:subfield code="a">Deutsche Erstausgabe, 1. Auflage</marc:subfield>
   </marc:datafield>
   <marc:datafield ind1="1" ind2=" " tag="520">
      <marc:subfield code="a">Angaben aus der Verlagsmeldung &#xD;
&#xD;
 Gennaros Limoni  : Italienisch kochen und backen mit Zitronen  / von Gennaro Contaldo&#xD;
&#xD;
&#xD;
            Über 80 original italienische Rezeptideen mit der wahrscheinlich beliebtesten Frucht Italiens!&#xD;
&#xD;
 &#xD;
&#xD;
Wer Amalfiküste hört, denkt an kristallblaues Wasser, Sommerurlaub, mittelalterliche Dörfer – und natürlich an Zitronen! Gennaro Contaldo, der bekannte Starkoch und Mentor von Jamie Oliver und Tim Mälzer, ist an der berühmten Küste in Süditalien aufgewachsen und hat die von dort stammende Sfusato Amalfitano – die Amalfi-Zitrone – praktisch im Blut. Mit diesem wunderschönen Kochbuch lässt er seine Lieblingsfrucht hochleben und zeigt in über 80 Rezepten, dass sie mehr kann als sauer. Dabei werden, ganz nach Art der Amalfitaner, alle Teile der gelben Frucht verwendet, seien es Schale, Häutchen, Fruchtfleisch oder sogar Blätter.&#xD;
&#xD;
&#xD;
&#xD;
Von Gefüllten Zitronen mit Sardellen über Kräuter-Hähnchen mit Zitronensauce bis hin zu Zitronengebäck und original italienischem Limoncello und Granita – Gennaro holt die Sonne Italiens in die eigene Küche!&#xD;
&#xD;
&#xD;
&#xD;
- traditionelle Rezepte zu Vorspeisen, Gemüse, Fisch, Fleisch, Desserts, Getränken &amp; Eingemachtem sowie Saucen &amp; Dressings&#xD;
&#xD;
- mit Informationen zu Geschichte, Anbau, Inhaltsstoffen und Anwendungsbereichen</marc:subfield>
   </marc:datafield>
   <marc:datafield ind1=" " ind2=" " tag="020">
      <marc:subfield code="a">9783747203460</marc:subfield>
      <marc:subfield code="9">9783747203460</marc:subfield>
   </marc:datafield>
   <marc:datafield ind1=" " ind2=" " tag="020">
      <marc:subfield code="a">3747203469</marc:subfield>
      <marc:subfield code="9">3747203469</marc:subfield>
   </marc:datafield>
   <marc:datafield ind1=" " ind2=" " tag="041">
      <marc:subfield code="a">ger</marc:subfield>
   </marc:datafield>
   <marc:datafield ind1=" " ind2=" " tag="300">
      <marc:subfield code="b">Illustrationen</marc:subfield>
   </marc:datafield>
   <marc:datafield ind1=" " ind2=" " tag="338">
      <marc:subfield code="a">Band</marc:subfield>
   </marc:datafield>
   <marc:datafield ind1=" " ind2=" " tag="300">
      <marc:subfield code="a">191 Seiten</marc:subfield>
   </marc:datafield>
</marc:record>
